[Event "Titled Tue 17th Jun Early"]
[Site "chess.com INT"]
[Date "2025.06.17"]
[Round "9"]
[White "Altynbek, Aiaru"]
[Black "Lopez Del Alamo, Antonio"]
[Result "1-0"]
[WhiteTitle "WFM"]
[BlackTitle "FM"]
[WhiteElo "1977"]
[BlackElo "2166"]
[WhiteFideId "13752472"]
[BlackFideId "2227339"]
[EventDate "2025.06.17"]

1. d4 Nf6 2. c4 g6 3. Nf3 Bg7 4. g3 O-O 5. Bg2 d6 6. Nc3 c6 7. O-O Qa5 8. Bd2 e5
9. dxe5 dxe5 10. Nd5 Qd8 11. Nxf6+ Bxf6 12. Qc2 Bf5 13. Qb3 Qc7 14. Rfd1 Nd7 15.
Bb4 Rfe8 16. Bd6 Qc8 17. e3 Bd8 18. c5 Bc7 19. Qc3 Bxd6 20. Rxd6 f6 21. Rad1 Nf8
22. Rxf6 Be6 23. Nxe5 Bxa2 24. b3 Qc7 25. Rfd6 Qe7 26. Ng4 1-0

[Event "Titled Tue 17th Jun Early"]
[Site "chess.com INT"]
[Date "2025.06.17"]
[Round "9"]
[White "Newansa, M Esandi"]
[Black "Fernandez Garcia, Gumersindo"]
[Result "0-1"]
[WhiteTitle "WCM"]
[BlackTitle "CM"]
[WhiteElo "1945"]
[BlackElo "2197"]
[WhiteFideId "9999060"]
[BlackFideId "24516740"]
[EventDate "2025.06.17"]

1. d4 Nf6 2. Bf4 g6 3. e3 Bg7 4. Nf3 d6 5. c4 O-O 6. Nc3 Nbd7 7. Be2 Qe8 8. h3
c6 9. O-O e5 10. Bh2 a6 11. b4 b5 12. d5 cxd5 13. Nxd5 Nxd5 14. Qxd5 Nb6 15.
Qxd6 Nxc4 16. Bxc4 bxc4 17. Bxe5 f6 18. Bc3 Qe6 19. Qc5 Bb7 20. Nd4 Qf7 21. Rac1
Rac8 22. Qa5 Rfe8 23. Rfe1 Re5 24. Qa4 Qd5 25. Nf3 Rg5 26. e4 Qb5 27. Qc2 Rh5
28. a4 Qc6 29. Nd4 Qd7 30. Qe2 Re5 31. f3 f5 32. Nc2 fxe4 33. Bxe5 Bxe5 34. fxe4
Bb8 35. Ne3 Qd6 36. g4 Bxe4 37. Ng2 Qh2+ 38. Kf2 Ba7+ 39. Kf1 Qh1# 0-1

[Event "Titled Tue 17th Jun Early"]
[Site "chess.com INT"]
[Date "2025.06.17"]
[Round "9"]
[White "Nikulina, Alena"]
[Black "Murthy, Pappu"]
[Result "1-0"]
[WhiteTitle "WFM"]
[WhiteElo "1875"]
[BlackElo "1838"]
[WhiteFideId "4172051"]
[BlackFideId "2013401"]
[EventDate "2025.06.17"]

1. e4 e5 2. Nf3 Nc6 3. Bb5 a6 4. Ba4 Nf6 5. O-O Be7 6. Re1 O-O 7. d4 b5 8. Bb3
Nxd4 9. Nxd4 exd4 10. e5 Ne8 11. Qxd4 Bb7 12. c3 c5 13. Qg4 c4 14. Bc2 Bc5 15.
Bh6 Kh8 16. Bg5 Qb6 17. Re2 f6 18. exf6 Nxf6 19. Qh4 g6 20. Bxg6 1-0

[Event "Titled Tue 17th Jun Early"]
[Site "chess.com INT"]
[Date "2025.06.17"]
[Round "9"]
[White "Pavlov, Nikolay"]
[Black "Tristan, Leonardo"]
[Result "0-1"]
[WhiteTitle "FM"]
[BlackTitle "GM"]
[WhiteElo "2316"]
[BlackElo "2536"]
[WhiteFideId "24141470"]
[BlackFideId "113816"]
[EventDate "2025.06.17"]

1. e4 d5 2. exd5 Qxd5 3. Nf3 Bg4 4. Be2 Nc6 5. h3 Bxf3 6. Bxf3 Qe6+ 7. Qe2 Nd4
8. Qxe6 Nxf3+ 9. gxf3 fxe6 10. Nc3 g6 11. Ne4 Bh6 12. Nc5 O-O-O 13. d3 Rd5 14.
Ne4 Bxc1 15. Rxc1 Nf6 16. Ke2 Rf8 17. Rce1 Rf5 18. Nd2 Nd5 19. Kf1 Nf4 20. Re4
Kd7 21. h4 b6 22. Nc4 Nd5 23. a3 b5 24. Nd2 a5 25. Kg2 Nf4+ 26. Kg3 a4 27. Rhe1
g5 28. Re5 gxh4+ 29. Kh2 Rg8 30. Rxf5 Rg2+ 31. Kh1 exf5 32. Re5 Rxf2 33. Rxf5
Rxd2 34. Rxf4 Rxc2 35. Rxh4 Rxb2 36. Rxh7 Rb3 37. Rh5 c6 38. d4 Rxf3 39. d5 Rxa3
40. dxc6+ Kxc6 41. Rh3 Rxh3+ 0-1

[Event "Titled Tue 17th Jun Early"]
[Site "chess.com INT"]
[Date "2025.06.17"]
[Round "9"]
[White "Sarveshwaran V"]
[Black "Kozusek, Daniel"]
[Result "1-0"]
[WhiteTitle "CM"]
[BlackTitle "FM"]
[WhiteElo "2290"]
[BlackElo "2345"]
[WhiteFideId "25699016"]
[BlackFideId "349500"]
[EventDate "2025.06.17"]

1. e4 c6 2. d4 d5 3. Nc3 dxe4 4. Nxe4 Nf6 5. Nxf6+ exf6 6. c3 Bd6 7. Bd3 O-O 8.
Qc2 Re8+ 9. Ne2 h5 10. Be3 Nd7 11. O-O-O Nf8 12. h3 Be6 13. Kb1 b5 14. Nf4 Bxf4
15. Bxf4 Qd5 16. b3 a5 17. g4 h4 18. Bd2 a4 19. b4 Nd7 20. f4 Qd6 21. f5 Bd5 22.
Rhg1 Nb6 23. g5 fxg5 24. Bxg5 Bc4 25. f6 Bxd3 26. Qxd3 g6 27. Bxh4 Kh7 28. Rg5
Qe6 29. Re5 Qc4 30. Rh5+ Kg8 31. Qd2 Re2 32. Rh8+ Kxh8 33. Qh6+ Kg8 34. Qg7# 1-0

[Event "Titled Tue 17th Jun Early"]
[Site "chess.com INT"]
[Date "2025.06.17"]
[Round "9"]
[White "Mummana Venkata Ruthvik"]
[Black "Dobre, Claudiu-Cristian"]
[Result "1-0"]
[WhiteTitle "CM"]
[BlackTitle "IM"]
[WhiteElo "2237"]
[BlackElo "2287"]
[WhiteFideId "25697307"]
[BlackFideId "1211854"]
[EventDate "2025.06.17"]

1. Nf3 d6 2. g3 f5 3. d4 Nf6 4. Bg2 g6 5. O-O Bg7 6. c4 O-O 7. b3 c6 8. Bb2 Qc7
9. Nbd2 Re8 10. Qc2 a5 11. Rfe1 Na6 12. a3 e5 13. dxe5 dxe5 14. e4 Nc5 15. Nh4
fxe4 16. Nxe4 Nfxe4 17. Bxe4 Qb6 18. Re3 Bg4 19. Bxg6 hxg6 20. Qxg6 Bd7 21. Rxe5
Re6 22. Rxe6 Nxe6 23. Nf5 Rf8 24. Ne7+ 1-0

[Event "Titled Tue 17th Jun Early"]
[Site "chess.com INT"]
[Date "2025.06.17"]
[Round "9"]
[White "Nayem, Haque"]
[Black "Herrera Ortiz, Miguel"]
[Result "1-0"]
[WhiteTitle "FM"]
[BlackTitle "IM"]
[WhiteElo "2180"]
[BlackElo "2174"]
[WhiteFideId "10217754"]
[BlackFideId "5100550"]
[EventDate "2025.06.17"]

1. e4 e6 2. Qf3 d5 3. Nc3 d4 4. Nce2 c5 5. h4 Nc6 6. h5 d3 7. Qxd3 Qxd3 8. cxd3
Nb4 9. Kd1 Nxd3 10. Nh3 e5 11. Neg1 c4 12. Bxd3 cxd3 13. b3 Nf6 14. Nf3 Nxe4 15.
Re1 Bxh3 16. Rxe4 Be6 17. Nxe5 O-O-O 18. f3 Bc5 19. Bb2 Kb8 20. Rc1 Bb6 21. Nc4
Bxc4 22. Rcxc4 f6 23. h6 Rd6 24. hxg7 Rg8 25. Re7 a6 26. Rce4 Ka7 27. Rf7 Bd8
28. Rd4 Re6 29. Rxd3 Bb6 30. Rdd7 1-0

[Event "Titled Tue 17th Jun Early"]
[Site "chess.com INT"]
[Date "2025.06.17"]
[Round "9"]
[White "Foldes, Marton Gabor"]
[Black "Gales, Randi-Ioan"]
[Result "0-1"]
[WhiteTitle "FM"]
[BlackTitle "CM"]
[WhiteElo "2295"]
[BlackElo "2243"]
[WhiteFideId "794708"]
[BlackFideId "1285360"]
[EventDate "2025.06.17"]

1. Nf3 d5 2. g3 g6 3. Bg2 Bg7 4. O-O e5 5. c4 Ne7 6. cxd5 Nxd5 7. Nc3 O-O 8. Qb3
Nxc3 9. bxc3 e4 10. Nd4 Qe7 11. Ba3 c5 12. Qc4 b6 13. Nb3 Re8 14. d3 Bb7 15. Nd2
exd3 16. exd3 Bxg2 17. Kxg2 Nc6 18. Nf3 Qd7 19. Rfe1 Rad8 20. Rxe8+ Rxe8 21. Rd1
Na5 22. Qf4 Bxc3 23. d4 Qa4 24. Qc1 Bxd4 25. Nxd4 cxd4 26. Bb2 Rd8 27. Qc7 Qc6+
28. Qxc6 Nxc6 29. Rd3 Rd6 30. f4 f5 31. Kf3 Kf7 32. g4 Ke6 33. g5 Kd5 34. h4 Re6 0-1

[Event "Titled Tue 17th Jun Early"]
[Site "chess.com INT"]
[Date "2025.06.17"]
[Round "9"]
[White "Arabidze, Meri"]
[Black "Samunenkov, Ihor"]
[Result "0-1"]
[WhiteTitle "IM"]
[BlackTitle "GM"]
[WhiteElo "2440"]
[BlackElo "2562"]
[WhiteFideId "13604040"]
[BlackFideId "14187086"]
[EventDate "2025.06.17"]

1. b3 d5 2. Bb2 c5 3. e3 Nf6 4. f4 g6 5. Nf3 Bg7 6. Bb5+ Bd7 7. Bxd7+ Qxd7 8.
O-O O-O 9. d3 Qe6 10. Re1 Nc6 11. Nbd2 Rfd8 12. Qe2 d4 13. exd4 Qxe2 14. Rxe2
Nd5 15. g3 cxd4 16. Nc4 Rac8 17. a4 e6 18. Ba3 Bf8 19. Bxf8 Kxf8 20. Nfe5 Ncb4
21. Rf1 b6 22. g4 f6 23. f5 fxe5 24. fxe6+ Ke7 25. Rf7+ Kxe6 26. Rxa7 Ne3 27.
Rf2 Rf8 28. Nxb6 Rxf2 29. Kxf2 Rxc2+ 30. Kg3 Nxd3 31. Rxh7 Rg2+ 32. Kf3 Ne1+ 33.
Ke4 Rxg4# 0-1

[Event "Titled Tue 17th Jun Early"]
[Site "chess.com INT"]
[Date "2025.06.17"]
[Round "9"]
[White "Pakleza, Zbigniew"]
[Black "Negrean, Andrei"]
[Result "1-0"]
[WhiteTitle "GM"]
[BlackTitle "FM"]
[WhiteElo "2484"]
[BlackElo "2352"]
[WhiteFideId "1119290"]
[BlackFideId "1291513"]
[EventDate "2025.06.17"]

1. d4 Nf6 2. Nf3 g6 3. Bf4 Bg7 4. e3 O-O 5. Be2 d6 6. h3 b6 7. O-O Bb7 8. a4 a5
9. c3 Nbd7 10. Bh2 Re8 11. Na3 e5 12. Qb3 Qe7 13. Rfd1 h6 14. Rac1 Kh7 15. Nb5
Rac8 16. Qa3 Bxf3 17. Bxf3 e4 18. Be2 Bf8 19. Qb3 Qe6 20. Bc4 d5 21. Bf1 c6 22.
Nc7 Rxc7 23. Bxc7 Rc8 24. Bh2 h5 25. c4 Bb4 26. cxd5 Nxd5 27. Ba6 Re8 28. Bb7
N7f6 29. Bxc6 Rd8 30. Be5 Kg7 31. Bxd5 Rxd5 32. Rc7 Bd6 33. Bxd6 Qxd6 34. Rdc1
Nd7 35. R1c6 1-0

[Event "Titled Tue 17th Jun Early"]
[Site "chess.com INT"]
[Date "2025.06.17"]
[Round "9"]
[White "Starozhilov, Leonid"]
[Black "Chiang, Jacob"]
[Result "1-0"]
[WhiteTitle "FM"]
[WhiteElo "2240"]
[BlackElo "2006"]
[WhiteFideId "14106752"]
[BlackFideId "30962331"]
[EventDate "2025.06.17"]

1. e4 c5 2. Nf3 d6 3. Bb5+ Nd7 4. O-O Nf6 5. Re1 a6 6. Bxd7+ Bxd7 7. c3 g6 8. d4
cxd4 9. cxd4 Bg7 10. Nc3 O-O 11. h3 Bc6 12. d5 Bd7 13. Be3 Rc8 14. Qd2 b5 15. a3
Qa5 16. Bh6 Rc4 17. Bxg7 Kxg7 18. e5 dxe5 19. Nxe5 Rc7 20. d6 exd6 21. Qxd6 Re8
22. b4 Re6 23. Qxe6 Bxe6 24. bxa5 Rxc3 25. Rec1 Rb3 26. Rc6 Nd5 27. Rxa6 Nf4 28.
Rb6 Bd5 29. a6 Bxg2 30. f3 Bxf3 31. Nxf3 Rxf3 32. a7 Rg3+ 33. Kf2 Rg2+ 34. Kf3
g5 35. a8=Q f5 36. Rb7+ Kg6 37. Qg8+ Kf6 38. Qg7+ Ke6 39. Re1+ Re2 40. Rxe2+
Nxe2 41. Kxe2 h5 42. Qf7+ Ke5 43. Rd7 Kf4 44. Rd5 Kg3 45. Qxf5 g4 46. Qxh5 gxh3
47. Rg5+ Kf4 48. Qg4# 1-0

[Event "Titled Tue 17th Jun Early"]
[Site "chess.com INT"]
[Date "2025.06.17"]
[Round "9"]
[White "Atoyan, Alberto"]
[Black "Nazin, Roman"]
[Result "0-1"]
[WhiteTitle "CM"]
[BlackTitle "CM"]
[WhiteElo "2266"]
[BlackElo "2250"]
[WhiteFideId "13314831"]
[BlackFideId "4137167"]
[EventDate "2025.06.17"]

1. e4 e6 2. d4 d5 3. Nd2 a6 4. Bd3 c5 5. exd5 exd5 6. dxc5 Bxc5 7. Ngf3 Nf6 8.
O-O O-O 9. Nb3 Bb6 10. h3 h6 11. Bf4 Nc6 12. c3 Re8 13. Qd2 Ne4 14. Qc2 Qf6 15.
Be3 Bc7 16. Nbd4 Bd7 17. Rfe1 Qd6 18. Rad1 Nxd4 19. Bxd4 Ng5 20. Ne5 f6 21. Bg6
fxe5 22. Bxe8 Rxe8 23. Be3 e4 24. Bxg5 Qh2+ 25. Kf1 Bb5+ 26. c4 Bxc4+ 0-1

[Event "Titled Tue 17th Jun Early"]
[Site "chess.com INT"]
[Date "2025.06.17"]
[Round "9"]
[White "Mizzi, Jack"]
[Black "Salimova, Asal"]
[Result "1-0"]
[WhiteTitle "CM"]
[BlackTitle "WCM"]
[WhiteElo "2107"]
[BlackElo "2063"]
[WhiteFideId "5602521"]
[BlackFideId "14204940"]
[EventDate "2025.06.17"]

1. d4 Nf6 2. c4 e6 3. Nf3 c5 4. d5 d6 5. Nc3 exd5 6. cxd5 g6 7. g3 a6 8. a4 Bg7
9. Bg2 O-O 10. O-O Nbd7 11. Bf4 Qe7 12. Qc2 h6 13. Rfe1 g5 14. Bd2 Ne5 15. Nxe5
Qxe5 16. e4 Bd7 17. f4 gxf4 18. gxf4 Qd4+ 19. Be3 Qb4 20. h3 Rfe8 21. Qf2 b5 22.
axb5 axb5 23. Rxa8 Rxa8 24. e5 Ne8 25. e6 Bc8 26. f5 Nf6 27. Kh1 Kh8 28. Rg1 Bb7
29. Bf3 Qc4 30. Qg2 Nh5 31. Bxh5 Bxc3 32. bxc3 Bxd5 33. Bf3 fxe6 34. Qg7# 1-0

[Event "Titled Tue 17th Jun Early"]
[Site "chess.com INT"]
[Date "2025.06.17"]
[Round "9"]
[White "Liu, Jason"]
[Black "Subervi, Jonathan Sigfredo"]
[Result "1-0"]
[WhiteTitle "CM"]
[BlackTitle "FM"]
[WhiteElo "2125"]
[BlackElo "2059"]
[WhiteFideId "2514656"]
[BlackFideId "6400345"]
[EventDate "2025.06.17"]

1. f4 d5 2. e3 c5 3. Nf3 Nc6 4. b3 Nf6 5. Bb2 g6 6. Be2 Bg7 7. O-O O-O 8. Ne5
Ne8 9. d3 Nxe5 10. fxe5 Qc7 11. d4 cxd4 12. exd4 Bf5 13. c4 dxc4 14. Bxc4 Rd8
15. Qe2 Qd7 16. Nd2 Nc7 17. Ne4 Be6 18. Rad1 Bd5 19. Ba3 b6 20. Nc3 Bxc4 21.
bxc4 b5 22. cxb5 Nd5 23. Nxd5 Qxd5 24. Bxe7 Rfe8 25. Bxd8 Rxd8 26. Qf3 Qxa2 27.
Rfe1 Qe6 28. d5 Qb6+ 29. Kh1 Qxb5 30. e6 fxe6 31. dxe6 Rxd1 32. Qf7+ Kh8 33.
Rxd1 h5 34. e7 Kh7 35. e8=Q Qb3 36. Qxg6# 1-0

[Event "Titled Tue 17th Jun Early"]
[Site "chess.com INT"]
[Date "2025.06.17"]
[Round "9"]
[White "Castillo Pena, Patricia Evarista"]
[Black "Figuero Toro, Julian Francisco"]
[Result "0-1"]
[WhiteTitle "WFM"]
[BlackTitle "FM"]
[WhiteElo "1909"]
[BlackElo "2182"]
[WhiteFideId "6412106"]
[BlackFideId "2210347"]
[EventDate "2025.06.17"]

1. d4 d6 2. Nc3 Nf6 3. e4 e5 4. dxe5 dxe5 5. Qxd8+ Kxd8 6. Nf3 Bd6 7. Bg5 Be6 8.
O-O-O Nd7 9. Nb5 Ke7 10. Nxd6 cxd6 11. Bb5 Nc5 12. Bxf6+ gxf6 13. Rhe1 a6 14.
Bf1 Bg4 15. Rd2 Bxf3 16. gxf3 Ne6 17. c3 Rhg8 18. Red1 Rad8 19. Bh3 Nf4 20. Bf5
h6 21. c4 Rg2 22. c5 Rxh2 23. Rxd6 Rxd6 24. cxd6+ Kd8 25. Rd2 Ne6 26. Rc2 Kd7
27. Bxe6+ fxe6 28. Rc7+ Kxd6 29. Rxb7 Rxf2 30. Rh7 Rxf3 31. Rxh6 Kc5 32. Kc2 Kd4
33. Rh4 Rf4 34. Rh6 Kxe4 35. b4 Kd5 36. Kb3 Rf3+ 37. Ka4 e4 0-1

[Event "Titled Tue 17th Jun Early"]
[Site "chess.com INT"]
[Date "2025.06.17"]
[Round "9"]
[White "Yezhel, Valiantsin"]
[Black "Celik, Ali Alper"]
[Result "0-1"]
[WhiteTitle "FM"]
[BlackTitle "FM"]
[WhiteElo "2256"]
[BlackElo "2213"]
[WhiteFideId "13504983"]
[BlackFideId "44569955"]
[EventDate "2025.06.17"]

1. d4 Nf6 2. Bg5 Ne4 3. Bf4 c5 4. f3 Nf6 5. d5 d6 6. Nc3 a6 7. a4 g6 8. e4 Bg7
9. Bc4 O-O 10. Nge2 Nbd7 11. O-O b6 12. Qd2 Bb7 13. g4 h5 14. g5 Nh7 15. h4 Ne5
16. Ba2 f6 17. gxf6 Bxf6 18. Bg3 Bg7 19. Kg2 Qd7 20. Nd1 Bc8 21. Ng1 g5 22. hxg5
Ng6 23. f4 h4 24. Bh2 Bb7 25. c4 b5 26. Bb3 Nxg5 27. fxg5 Qg4+ 28. Kh1 Rxf1 29.
Nf2 Qf3# 0-1

[Event "Titled Tue 17th Jun Early"]
[Site "chess.com INT"]
[Date "2025.06.17"]
[Round "9"]
[White "Lyutsinger, Iren"]
[Black "Jakovljevic, Dejan"]
[Result "1-0"]
[WhiteTitle "FM"]
[BlackTitle "CM"]
[WhiteElo "2261"]
[BlackElo "1956"]
[WhiteFideId "34425969"]
[BlackFideId "949418"]
[EventDate "2025.06.17"]

1. Nf3 Nc6 2. g3 e5 3. Bg2 d5 4. d4 e4 5. Ne5 Nxe5 6. dxe5 c6 7. c4 Bb4+ 8. Bd2
Qe7 9. O-O Bxd2 10. Qxd2 Qxe5 11. cxd5 cxd5 12. Nc3 Nf6 13. Rfd1 Be6 14. e3 O-O
15. Ne2 Bg4 16. Rdc1 Rac8 17. Nd4 Qh5 18. Rxc8 Rxc8 19. Rc1 Rxc1+ 20. Qxc1 Qe5
21. Qc5 b6 22. Qa3 Qc7 23. h3 Be6 24. Nb5 Qc1+ 25. Kh2 a5 26. Qd6 h6 27. Qxb6
Qxb2 28. Qxa5 Qxf2 29. Qd8+ Kh7 30. Nd4 Qxe3 31. Nxe6 fxe6 32. Qd6 Nh5 33. a4 d4
34. a5 d3 35. a6 d2 36. a7 Qxa7 37. Bxe4+ g6 38. Qxd2 Qc7 39. Qe3 Kg7 40. Qd4+
Kf7 41. Qf2+ Kg7 42. Qb2+ Kf7 43. Qf2+ Nf6 44. Bd3 g5 45. Qe2 1-0

[Event "Titled Tue 17th Jun Early"]
[Site "chess.com INT"]
[Date "2025.06.17"]
[Round "9"]
[White "Gibala, Adam"]
[Black "Marynychenko, Yehor"]
[Result "1-0"]
[WhiteTitle "CM"]
[BlackTitle "CM"]
[WhiteElo "2245"]
[BlackElo "2183"]
[WhiteFideId "21070288"]
[BlackFideId "34160558"]
[EventDate "2025.06.17"]

1. c4 c5 2. g3 Nc6 3. Bg2 Nf6 4. Nc3 g6 5. e3 Bg7 6. Nge2 e6 7. d4 cxd4 8. exd4
d5 9. cxd5 exd5 10. O-O O-O 11. Bg5 Be6 12. Nf4 h6 13. Bxf6 Bxf6 14. Ncxd5 Bxd5
15. Nxd5 Bxd4 16. Qb3 Qd7 17. Rad1 Qe6 18. Qxb7 Bc5 19. Nf4 Qxa2 20. Qxc6 Rac8
21. Qb5 a6 22. Qb7 Rb8 23. Qd5 Qa5 24. Nxg6 Rbd8 25. Ne7+ Kg7 26. Qe5+ f6 27.
Nf5+ Kh8 28. Qe2 Rfe8 29. Rxd8 Rxd8 30. h4 Rd2 31. Qe8+ Bf8 32. Qxf8+ 1-0

[Event "Titled Tue 17th Jun Early"]
[Site "chess.com INT"]
[Date "2025.06.17"]
[Round "9"]
[White "Lazavik, Denis"]
[Black "Matinian, Nikita"]
[Result "1-0"]
[WhiteTitle "GM"]
[BlackTitle "GM"]
[WhiteElo "2580"]
[BlackElo "2421"]
[WhiteFideId "13515110"]
[BlackFideId "24129100"]
[EventDate "2025.06.17"]

1. e4 e5 2. Nf3 Nc6 3. Bc4 Nf6 4. d3 Be7 5. O-O O-O 6. Nc3 d6 7. a4 Bg4 8. h3
Bxf3 9. Qxf3 Nd4 10. Qd1 c6 11. Re1 a5 12. Ba2 Nd7 13. Be3 Bf6 14. Bxd4 exd4 15.
Ne2 g6 16. f4 Bg7 17. Ng3 Qh4 18. Qf3 Nc5 19. Bc4 Nxa4 20. Rxa4 b5 21. Bxb5 cxb5
22. Ra2 a4 23. Qf2 Rfc8 24. b4 Rc7 25. Ne2 Qxf2+ 26. Kxf2 Rac8 27. Rc1 h5 28. g4
hxg4 29. hxg4 Kf8 30. g5 Ke7 31. Kf3 Rh8 32. Kg3 Ke6 33. Ng1 f5 34. Re1 fxe4 35.
Rxe4+ Kd5 36. Nf3 Rhc8 37. Re2 Rf8 38. Nh4 Rh8 39. Nxg6 Rh1 40. Ne7+ Rxe7 41.
Rxe7 1-0

[Event "Titled Tue 17th Jun Early"]
[Site "chess.com INT"]
[Date "2025.06.17"]
[Round "9"]
[White "Montejo Bello, Lorena Beatriz"]
[Black "Karas, Marek"]
[Result "0-1"]
[WhiteTitle "WFM"]
[BlackTitle "FM"]
[WhiteElo "2090"]
[BlackElo "2215"]
[WhiteFideId "3529045"]
[BlackFideId "14928558"]
[EventDate "2025.06.17"]

1. e4 c5 2. Nf3 d6 3. d4 cxd4 4. Nxd4 Nf6 5. Nc3 Nc6 6. Bg5 Qa5 7. Bxf6 gxf6 8.
Nb3 Qg5 9. f3 Bg7 10. g3 f5 11. Qd2 Qxd2+ 12. Kxd2 fxe4 13. fxe4 O-O 14. Bc4 e6
15. Raf1 a6 16. a4 Ne5 17. Be2 Bd7 18. h4 Bc6 19. Nd4 Nc4+ 20. Bxc4 Bxd4 21. Kd3
Be5 22. g4 Rfd8 23. Bb3 b5 24. axb5 axb5 25. Rhg1 b4 26. Ne2 Rac8 27. Nd4 Bb7
28. Rf2 d5 29. exd5 Bxd5 30. Bxd5 Rxd5 31. c3 bxc3 32. bxc3 Rdc5 33. Rc2 Rc4 34.
Rgc1 h6 35. g5 hxg5 36. hxg5 Kg7 37. Ne2 Rg4 38. Rf1 Rxg5 39. Nd4 Bxd4 0-1

[Event "Titled Tue 17th Jun Early"]
[Site "chess.com INT"]
[Date "2025.06.17"]
[Round "9"]
[White "Krawczyk, Flawian"]
[Black "Nagare Kaivalya Sandip"]
[Result "1-0"]
[WhiteTitle "CM"]
[BlackTitle "FM"]
[WhiteElo "2247"]
[BlackElo "2321"]
[WhiteFideId "21881413"]
[BlackFideId "25957929"]
[EventDate "2025.06.17"]

1. d4 Nf6 2. c4 e5 3. dxe5 Ng4 4. Nf3 Nc6 5. Bf4 Bb4+ 6. Nbd2 Qe7 7. a3 Bxd2+ 8.
Qxd2 Ngxe5 9. Nxe5 Nxe5 10. Bxe5 Qxe5 11. e3 O-O 12. Bd3 b6 13. O-O Bb7 14. Rac1
d5 15. c5 Rad8 16. Rfd1 Rfe8 17. Bf1 Qf6 18. Qd4 Qg5 19. cxb6 cxb6 20. Rc7 Rb8
21. Qa4 Qe5 22. Qd7 Ba8 23. Qxf7+ Kh8 24. Rxa7 Rf8 25. Qc7 Qxb2 26. Rd2 Qf6 27.
Qe7 Qg6 28. Bd3 Qh6 29. Bf1 Rbc8 30. Rc7 Rce8 31. Qd7 Rxe3 32. Rc8 1-0

[Event "Titled Tue 17th Jun Early"]
[Site "chess.com INT"]
[Date "2025.06.17"]
[Round "9"]
[White "Tiitta, Sauli"]
[Black "Guerrero Cataldo, Juan Andres"]
[Result "0-1"]
[BlackTitle "CM"]
[WhiteElo "2157"]
[BlackElo "2082"]
[WhiteFideId "502251"]
[BlackFideId "3421260"]
[EventDate "2025.06.17"]

1. g4 d5 2. h3 c5 3. c4 dxc4 4. Bg2 Nc6 5. Qc2 Be6 6. Na3 g6 7. Nxc4 Bg7 8. d3
Nf6 9. Bxc6+ bxc6 10. Be3 Bd5 11. f3 O-O 12. Bxc5 Nd7 13. Bf2 a5 14. e4 Be6 15.
Ne2 Rb8 16. Nd4 Bxc4 17. dxc4 Ne5 18. O-O c5 19. Nb5 Nxf3+ 20. Kg2 Nd4 21. Bxd4
cxd4 22. Rad1 e5 23. a4 h5 24. Qe2 hxg4 25. Qxg4 Bh6 26. Rf5 Bf4 27. Rxf4 exf4
28. Qxf4 d3 29. Qe3 Qf6 30. b3 Rbd8 31. Rxd3 Rxd3 32. Qxd3 Rd8 33. Qe3 Qb2+ 34.
Kg3 Qe5+ 35. Kf3 Qh5+ 36. Kf2 Qd1 37. c5 Rd2+ 38. Kg3 Rd3 39. Qxd3 Qxd3+ 40. Kf4
Qxb3 41. c6 Qxa4 42. c7 Qc4 43. Ke5 Qc6 44. Kf4 a4 0-1

[Event "Titled Tue 17th Jun Early"]
[Site "chess.com INT"]
[Date "2025.06.17"]
[Round "9"]
[White "Shevchenko, Yaroslav"]
[Black "Masague Artero, Guerau"]
[Result "0-1"]
[BlackTitle "FM"]
[WhiteElo "2179"]
[BlackElo "2326"]
[WhiteFideId "34144684"]
[BlackFideId "32098952"]
[EventDate "2025.06.17"]

1. e4 g6 2. d4 Bg7 3. Nc3 c6 4. Nf3 d5 5. e5 Bg4 6. Bf4 e6 7. Bd3 Ne7 8. O-O O-O
9. h3 Bxf3 10. Qxf3 c5 11. dxc5 Nbc6 12. Rfe1 Qa5 13. Nb5 a6 14. Nd6 Qxc5 15.
Qg3 Qb6 16. h4 Rad8 17. h5 Nxe5 18. Nxb7 Nxd3 19. Nxd8 Nxe1 20. Bc7 Qxb2 21.
Rxe1 Nf5 22. Qd3 Qxa2 23. Nc6 Rc8 24. h6 Rxc7 25. Nb4 Qc4 26. hxg7 Qxb4 27. c3
Qxc3 28. Qe2 Kxg7 29. g3 Nd4 30. Qe5+ f6 0-1

[Event "Titled Tue 17th Jun Early"]
[Site "chess.com INT"]
[Date "2025.06.17"]
[Round "9"]
[White "Emujin Enkh-Amgalan"]
[Black "Tilak, Sharad S"]
[Result "0-1"]
[WhiteTitle "WCM"]
[BlackTitle "IM"]
[WhiteElo "2022"]
[BlackElo "2191"]
[WhiteFideId "4908023"]
[BlackFideId "5000165"]
[EventDate "2025.06.17"]

1. d4 Nf6 2. c4 g6 3. Nc3 Bg7 4. e4 d6 5. Be2 O-O 6. Nf3 Na6 7. O-O e5 8. Be3
Ng4 9. Bg5 f6 10. Bc1 Nh6 11. Be3 Ng4 12. Bc1 Qe8 13. h3 Nh6 14. Be3 Nf7 15.
dxe5 dxe5 16. c5 c6 17. Bxa6 bxa6 18. Qa4 Rb8 19. b4 f5 20. Rab1 f4 21. Bd2 g5
22. Nh2 h5 23. f3 Nh6 24. Be1 g4 25. hxg4 hxg4 26. fxg4 Qg6 27. Bf2 Bxg4 28.
Nxg4 Nxg4 29. Qb3+ Kh8 30. Ne2 Qh5 31. Qh3 Qxh3 32. gxh3 Nf6 33. Nc3 Rfd8 34. a4
Rd3 35. Rfc1 Rxh3 36. b5 Bh6 37. bxc6 Rg8+ 38. Kf1 f3 39. c7 Rh1+ 40. Bg1 Be3
41. c8=Q Rxg1# 0-1

[Event "Titled Tue 17th Jun Early"]
[Site "chess.com INT"]
[Date "2025.06.17"]
[Round "9"]
[White "Mikhailova, Irina"]
[Black "Bold, Andre"]
[Result "0-1"]
[WhiteTitle "WGM"]
[BlackTitle "CM"]
[WhiteElo "2143"]
[BlackElo "2235"]
[WhiteFideId "4109040"]
[BlackFideId "16208471"]
[EventDate "2025.06.17"]

1. d4 d5 2. Nf3 c5 3. c4 Nf6 4. cxd5 Qxd5 5. Nc3 Qd8 6. d5 e6 7. e4 exd5 8. e5
d4 9. Bb5+ Nc6 10. Bxc6+ bxc6 11. exf6 dxc3 12. Qe2+ Be6 13. O-O Qxf6 14. Bg5
Qf5 15. bxc3 Bd6 16. Rad1 Bc7 17. Bh4 O-O 18. Bg3 Bxg3 19. hxg3 Bd5 20. a3 Rfe8
21. Qd2 Bxf3 22. gxf3 Qxf3 23. Rfe1 h6 24. Qd7 Rxe1+ 25. Rxe1 Qxc3 26. Re8+ Rxe8
27. Qxe8+ Kh7 28. Qxf7 Qe1+ 29. Kh2 Qe4 30. f3 Qd5 0-1